000 00617nam a2200169 i 4500
001 69564
003 ES-MaACL
005 20230906170541.0
007 t|
008 040707s1955 sp ||||1| spa d
100 1 _aGarcía de Enterría, Eduardo.
_954425
245 1 0 _aDos estudios sobre la usucapión en derecho administrativo
_b: estudios de administración /
_cEduardo García de Enterría.
260 _aMadrid :
_bInstituto de Estudios Políticos,
_c1955 (
_fPrensa Española)
300 _a203 p. ;
_c22 cm.
710 2 _aInstituto de Estudios Políticos (Madrid)
_94924
852 _aES-MaACL
_jC-15484
_bR.43323
999 _c69564
_d69564